Εξωτερική πολιτική και εσωτερικές αντιδράσεις την εποχή του Βασιλείου Α' : έρευνες για τον εντοπισμό των αντιπολιτευτικών τάσεων στα χρόνια 867-886 = Politique etrangere et reactions interieures sous le regne de Basile Ier : recherches pour l'identification des tendances oppositionelles pendant l'epoque 867-886
Αποθηκεύτηκε σε:
| Κύριος συγγραφέας: | |
|---|---|
| Μορφή: | Βιβλίο |
| Γλώσσα: | Greek |
| Δημοσίευση: |
Αθήνα :
Ιστορικές εκδόσεις,
1991.
|
| Σειρά: | Ιστορικές μονογραφίες ;
8 |
| Θέματα: | |
| Ετικέτες: |
Προσθήκη ετικέτας
Δεν υπάρχουν, Καταχωρήστε ετικέτα πρώτοι!
|
MARC
| LEADER | 00000cam a2200000 i 4500 | ||
|---|---|---|---|
| 001 | 1/13250 | ||
| 008 | 980219s1991 gr | ||| |||| ||gre|| | ||
| 020 | |a 9607100336 | ||
| 035 | |1 ΠΑΡ |a 1997 |l 10018966 | ||
| 040 | |a GR-MyUa |b gre |e AACR2 | ||
| 041 | 0 | |a gre | |
| 082 | 7 | |a 938.351 |2 (22) | |
| 100 | 1 | |a Βλυσίδου, Βασιλική Ν. | |
| 245 | 1 | 0 | |a Εξωτερική πολιτική και εσωτερικές αντιδράσεις την εποχή του Βασιλείου Α' : |b έρευνες για τον εντοπισμό των αντιπολιτευτικών τάσεων στα χρόνια 867-886 = Politique etrangere et reactions interieures sous le regne de Basile Ier : recherches pour l'identification des tendances oppositionelles pendant l'epoque 867-886 / |c Βασιλική Ν. Βλυσίδου. |
| 260 | |a Αθήνα : |b Ιστορικές εκδόσεις, |c 1991. | ||
| 300 | |a 248 σ. ; |c 21 εκ. | ||
| 490 | 1 | |a (Ιστορικές μονογραφίες ; |v 8) | |
| 504 | |a Περιέχει ευρετήριο. | ||
| 600 | 0 | 7 | |2 nlgaf |a Βασίλειος |b Α' ο Μακεδών, |c Αυτοκράτορας του Βυζαντίου, |d π. 836-886. |
| 651 | 0 | |a Byzantine Empire |x Foreign relations. | |
| 651 | 0 | |a Byzantine Empire |x History |y Basil I, 867-886. | |
| 651 | 0 | |a Byzantine Empire |x Church history. | |
| 830 | 0 | |a Ιστορικές μονογραφίες ; |v 8 | |
| 852 | |a INST |b LESVOS |e 19980219 |h 938.351 ΒΛΥ |p 005100015061 |q 005100015061 |t BK |y 0 | ||
| 922 | |a 1ΔΩΡ |b 199712 |c ΤΚΑ | ||